फणीश्वरनाथ रेणु की श्रेष्ठ कहानियाॅ (Record no. 1435310)
[ view plain ]
| 000 -LEADER | |
|---|---|
| fixed length control field | 00816nam a22002177a 4500 |
| 005 - DATE AND TIME OF LATEST TRANSACTION | |
| control field | 20250910160953.0 |
| 008 - FIXED-LENGTH DATA ELEMENTS--GENERAL INFORMATION | |
| fixed length control field | 250910b |||||||| |||| 00| 0 eng d |
| 037 ## - SOURCE OF ACQUISITION | |
| Terms of availability | TB |
| 040 ## - CATALOGING SOURCE | |
| Original cataloging agency | CL |
| Transcribing agency | CL |
| 041 ## - LANGUAGE CODE | |
| Source of code | Hin |
| Language code of text/sound track or separate title | Hindi |
| 084 ## - COLON CLASSIFICATION NUMBER | |
| Classification number | O152,3N212 P4 |
| 100 ## - MAIN ENTRY--PERSONAL NAME | |
| Personal name | यायावर, भारत |
| 9 (RLIN) | 821044 |
| 245 ## - TITLE STATEMENT | |
| Title | फणीश्वरनाथ रेणु की श्रेष्ठ कहानियाॅ |
| 260 ## - PUBLICATION, DISTRIBUTION, ETC. | |
| Place of publication, distribution, etc. | भारत, नई दिल्ली |
| Name of publisher, distributor, etc. | नेशनल बुक |
| Date of publication, distribution, etc. | 2004 |
| 300 ## - PHYSICAL DESCRIPTION | |
| Extent | 260पृ. |
| 365 ## - TRADE PRICE | |
| Price amount | 55 |
| Currency code | INR |
| 650 ## - SUBJECT ADDED ENTRY--TOPICAL TERM | |
| Source of heading or term | हिन्दी कहानी |
| 700 ## - ADDED ENTRY--PERSONAL NAME | |
| Personal name | भारत, यायावर |
| Relator term | ।नण् |
| 9 (RLIN) | 821045 |
| 942 ## - ADDED ENTRY ELEMENTS (KOHA) | |
| Source of classification or shelving scheme | Colon Classification (CC) |
| Koha item type | Textbook |
| Classification part | O152,3N212 P4 |
| Suppress in OPAC | No |
| Withdrawn status | Lost status | Source of classification or shelving scheme | Damaged status | Not for loan | Home library | Current library | Date acquired | Cost, normal purchase price | Inventory number | Total Checkouts | Full call number | Barcode | Date last seen | Price effective from | Koha item type |
|---|---|---|---|---|---|---|---|---|---|---|---|---|---|---|---|
| Colon Classification (CC) | Central Library | Central Library | 2025-09-10 | 55.00 | 339330& 2004-02-10 | O152,3N212 P4 | CL1211440 | 2025-09-10 | 2025-09-10 | Textbook |
